| 000 | 00665nam a2200241 a 4500 | ||
|---|---|---|---|
| 999 |
_c1687 _d1687 |
||
| 001 | 1687 | ||
| 003 | BD-JhCC | ||
| 005 | 20191212134008.0 | ||
| 008 | 910710s1991 enka j 000 1 eng d | ||
| 020 | _a0749800577 | ||
| 035 | _a(BD-JhCC)1687 | ||
| 040 |
_aBD-JhCC _dBD-JhCC |
||
| 041 | _aeng | ||
| 082 |
_a813.52 _220 _bBAU 2005 |
||
| 100 | 1 |
_aBaum, L. Frank _q(Lyman Frank), _d1856-1919. |
|
| 245 | 1 | 4 |
_aThe Wizard of Oz / _cBaum, L. Frank |
| 260 |
_aDelhi : _bDhingra Publishing House, _c2005. |
||
| 300 |
_a108 p., [8] p. of plates : _bill. _c21 cm |
||
| 490 | 0 | _aClassic library | |
| 650 | _aFantacy | ||
| 942 |
_2ddc _cBK _04 |
||